| 000 | 00553cam a2200205ua 4500 | ||
|---|---|---|---|
| 020 | _cRs 220.00 | ||
| 041 |
_aeng _h |
||
| 082 |
_a635.1 _bTHA/TE |
||
| 100 | _aThamburaj, S . | ||
| 245 |
_aText book of Vegetables tubercrops and spices / _cS Thamburaj. _hTextual Documents |
||
| 250 |
_a1 / _b. |
||
| 260 |
_aNew Delhi : _bIndian Council for Agricultural Research , _c2001. |
||
| 300 | _a469 ; . | ||
| 365 | _aRs 220.00 | ||
| 504 | _a | ||
| 700 | 1 | _aNarendra, Singh . | |
| 942 | _cBK | ||
| 999 |
_c1407 _d1407 |
||